[Event "LSS SI-2006-0-00050"]
[Site "LSS email"]
[Date "2006.08.19"]
[Round "?"]
[White "Krupikov, Andrey Viktorovich"]
[Black "Anbu, Sangita"]
[Result "0-1"]
[WhiteElo "1868"]
[BlackElo "1689"]
[PlyCount "26"]
[EventDate "2006.07.18"]
[EventType "tourn (corr)"]
[EventRounds "10"]
[EventCountry "GER"]
[SourceTitle "Corr 2015"]
[Source "ChessBase"]
[SourceDate "2015.07.17"]
[SourceVersion "1"]
[SourceVersionDate "2015.07.17"]
[SourceQuality "1"]

1. e4 c5 2. f4 g6 3. Nf3 Bg7 4. c3 Nc6 5. d3 d6 6. Be3 Bg4 7. Nbd2 Nf6 8. Be2 0-0 9. 0-0 b5 10. d4 cxd4 11. Nxd4 Bxe2 12. Qxe2 Nxd4 13. Bxd4 a6 0-1

[Event "LSS OP-2006-0-00117"]
[Site "LSS email"]
[Date "2006.08.17"]
[Round "?"]
[White "Krupikov, Andrey Viktorovich"]
[Black "Daligcon, Nelson"]
[Result "1-0"]
[WhiteElo "1868"]
[BlackElo "800"]
[PlyCount "27"]
[EventDate "2006.08.16"]
[EventType "tourn (corr)"]
[EventRounds "4"]
[EventCountry "GER"]
[SourceTitle "Corr 2015"]
[Source "ChessBase"]
[SourceDate "2015.07.17"]
[SourceVersion "1"]
[SourceVersionDate "2015.07.17"]
[SourceQuality "1"]

1. e4 e5 2. Nc3 Bc5 3. f4 exf4 4. Nf3 d6 5. d4 Bb6 6. Bxf4 Bg4 7. Bb5+ Nd7 8. Qd2 Ngf6 9. e5 dxe5 10. dxe5 Nh5 11. Bg5 Qc8 12. 0-0-0 c6 13. Bc4 0-0 14. e6 1-0

[Event "IECG SI.2006.0.00055"]
[Site "IECG email"]
[Date "2006.07.08"]
[Round "?"]
[White "Ciesla, Daniel"]
[Black "Krupikov, Andrey Viktorovich"]
[Result "0-1"]
[WhiteElo "1622"]
[BlackElo "1710"]
[PlyCount "50"]
[EventDate "2006.07.08"]
[EventType "tourn (corr)"]
[EventRounds "6"]
[SourceTitle "Corr 2008"]
[Source "ChessBase"]
[SourceDate "2008.06.24"]
[SourceVersion "1"]
[SourceVersionDate "2008.06.24"]
[SourceQuality "1"]

1. d4 Nf6 2. c4 g6 3. Nc3 Bg7 4. Nf3 d6 5. Bf4 0-0 6. e3 c6 7. Be2 a6 8. h3 b5 9. 0-0 Nbd7 10. Rc1 b4 11. Nb1 Qa5 12. a3 bxa3 13. Nxa3 Qb6 14. Qc2 c5 15. Rb1 h6 16. Rfd1 Bb7 17. Qa4 Bc6 18. Qc2 Be4 19. Bd3 Bxf3 20. gxf3 Nh5 21. Bh2 cxd4 22. exd4 Bxd4 23. Bxg6 fxg6 24. Qxg6+ Ng7 25. Rd2 Rxf3 0-1

[Event "IECG OP.2006.0.00083"]
[Site "IECG email"]
[Date "2006.06.29"]
[Round "?"]
[White "Daurelle, Herve"]
[Black "Krupikov, Andrey Viktorovich"]
[Result "1-0"]
[WhiteElo "2323"]
[BlackElo "1517"]
[PlyCount "81"]
[EventDate "2006.06.29"]
[EventType "tourn (corr)"]
[EventRounds "6"]
[SourceTitle "Corr 2008"]
[Source "ChessBase"]
[SourceDate "2008.06.24"]
[SourceVersion "1"]
[SourceVersionDate "2008.06.24"]
[SourceQuality "1"]

1. e4 c5 2. Nf3 d6 3. d4 cxd4 4. Nxd4 Nf6 5. Nc3 g6 6. Be3 Bg7 7. f3 0-0 8. Qd2 Nc6 9. 0-0-0 d5 10. exd5 Nxd5 11. Nxc6 bxc6 12. Bd4 e5 13. Bc5 Re8 14. Nxd5 cxd5 15. Qxd5 Qxd5 16. Rxd5 Be6 17. Rd6 Bxa2 18. b3 Rec8 19. Rd5 a5 20. Kb2 a4 21. Bb5 axb3 22. cxb3 e4+ 23. Bd4 Rc5 24. Rxc5 Bxd4+ 25. Rc3 Ra5 26. Bc4 exf3 27. g3 Kg7 28. Rd1 Bxc3+ 29. Kxc3 Rh5 30. Rd7 Rxh2 31. Rxf7+ Kh8 32. Rxf3 h5 33. b4 Bxc4 34. Kxc4 Rc2+ 35. Rc3 Re2 36. b5 Kg7 37. b6 Re7 38. Kb5 Kf6 39. Rc5 g5 40. Ka6 Re8 41. b7 1-0

[Event "IECG OP.2006.0.00081"]
[Site "IECG email"]
[Date "2006.06.28"]
[Round "?"]
[White "Hendriks, Marrien"]
[Black "Krupikov, Andrey Viktorovich"]
[Result "1/2-1/2"]
[WhiteElo "1600"]
[BlackElo "1517"]
[PlyCount "69"]
[EventDate "2006.06.28"]
[EventType "tourn (corr)"]
[EventRounds "6"]
[SourceTitle "Corr 2008"]
[Source "ChessBase"]
[SourceDate "2008.06.24"]
[SourceVersion "1"]
[SourceVersionDate "2008.06.24"]
[SourceQuality "1"]

1. d4 Nf6 2. c4 g6 3. Nc3 Bg7 4. e4 d6 5. Nf3 0-0 6. Be2 e5 7. 0-0 exd4 8. Nxd4 Re8 9. f3 Nc6 10. Be3 Nh5 11. f4 Nf6 12. Nxc6 bxc6 13. Bf3 Nxe4 14. Nxe4 Bf5 15. Nxd6 cxd6 16. Bd4 Be4 17. Bxg7 Kxg7 18. f5 Qb6+ 19. Rf2 Bxf5 20. Qxd6 Re6 21. Qd2 Rae8 22. b4 Kg8 23. c5 Qa6 24. Rff1 Bd3 25. Rfe1 Qc4 26. Rec1 Qd4+ 27. Kh1 Qh4 28. Bxc6 Rxc6 29. Qxd3 Qxb4 30. Qd7 Rec8 31. Qxa7 Rxc5 32. Rxc5 Rxc5 33. a3 Qc3 34. Rf1 Rc7 35. Qb6 1/2-1/2

[Event "IECG OP.2006.0.00066"]
[Site "IECG email"]
[Date "2006.06.11"]
[Round "?"]
[White "Garcia Medinilla, Daniel"]
[Black "Krupikov, Andrey Viktorovich"]
[Result "1-0"]
[WhiteElo "1896"]
[BlackElo "1517"]
[PlyCount "101"]
[EventDate "2006.06.11"]
[EventType "tourn (corr)"]
[EventRounds "6"]
[SourceTitle "Corr 2008"]
[Source "ChessBase"]
[SourceDate "2008.06.24"]
[SourceVersion "1"]
[SourceVersionDate "2008.06.24"]
[SourceQuality "1"]

1. e4 c5 2. Nf3 d6 3. d4 cxd4 4. Nxd4 Nf6 5. Nc3 g6 6. Be3 Bg7 7. f3 0-0 8. Qd2 Nc6 9. 0-0-0 d5 10. exd5 Nxd5 11. Nxc6 bxc6 12. Bd4 e5 13. Bc5 Be6 14. Ne4 Re8 15. Bc4 Qc7 16. g4 Red8 17. Qf2 Nf4 18. Bxe6 Nxe6 19. g5 Qa5 20. a3 Qb5 21. h4 Nxc5 22. Qxc5 f5 23. Rxd8+ Rxd8 24. Qe7 Rb8 25. Nf6+ Bxf6 26. Qe6+ Kh8 27. Qxf6+ Kg8 28. b4 Qd5 29. Rd1 Qa2 30. Rd8+ Rxd8 31. Qxd8+ Kf7 32. Qd7+ Kf8 33. Qxa7 Ke8 34. Qe3 Qa1+ 35. Kd2 Kd7 36. Qd3+ Kc7 37. Qc3 Qh1 38. Qxe5+ Kb7 39. Qe7+ Kc8 40. Qc5 Qxf3 41. b5 Kd7 42. bxc6+ Qxc6 43. Qxc6+ Kxc6 44. Ke3 Kc5 45. Kd3 Kd5 46. a4 Kc5 47. c3 Kb6 48. c4 Kc6 49. a5 Kc5 50. Ke3 Kc6 51. Kd4 1-0

[Event "IECG OP.2006.0.00055"]
[Site "IECG email"]
[Date "2006.05.27"]
[Round "?"]
[White "Krupikov, Andrey Viktorovich"]
[Black "Bonoldi, Fabio"]
[Result "1-0"]
[WhiteElo "1517"]
[BlackElo "1963"]
[PlyCount "61"]
[EventDate "2006.05.27"]
[EventType "tourn (corr)"]
[EventRounds "6"]
[SourceTitle "Corr 2008"]
[Source "ChessBase"]
[SourceDate "2008.06.24"]
[SourceVersion "1"]
[SourceVersionDate "2008.06.24"]
[SourceQuality "1"]

1. e4 d6 2. d4 Nf6 3. f3 g6 4. Be3 Bg7 5. Qd2 0-0 6. Nc3 c6 7. 0-0-0 b5 8. Bh6 b4 9. Nce2 Qa5 10. Kb1 Be6 11. Nc1 Nbd7 12. h4 Nb6 13. Nb3 Bxb3 14. cxb3 Bxh6 15. Qxh6 Qh5 16. Qd2 Qa5 17. h5 Rad8 18. hxg6 fxg6 19. Nh3 e5 20. Qh6 exd4 21. Ng5 Rd7 22. g3 Re7 23. Bh3 Rfe8 24. f4 Nbd7 25. Bxd7 Rxd7 26. Nxh7 Rxh7 27. Qxg6+ Rg7 28. Qxf6 Qd8 29. Qxd4 Qe7 30. Rde1 c5 31. Qd2 1-0

[Event "IECG OP.2006.0.00045"]
[Site "IECG email"]
[Date "2006.05.18"]
[Round "?"]
[White "Krupikov, Andrey Viktorovich"]
[Black "Ong, Allan C"]
[Result "1-0"]
[WhiteElo "1517"]
[BlackElo "887"]
[PlyCount "37"]
[EventDate "2006.05.18"]
[EventType "tourn (corr)"]
[EventRounds "6"]
[SourceTitle "Corr 2008"]
[Source "ChessBase"]
[SourceDate "2008.06.24"]
[SourceVersion "1"]
[SourceVersionDate "2008.06.24"]
[SourceQuality "1"]

1. e4 d5 2. exd5 Nf6 3. d4 Bg4 4. f3 Bf5 5. Bb5+ Nbd7 6. c4 e6 7. dxe6 Bxe6 8. d5 Bf5 9. Nc3 Qe7+ 10. Nge2 0-0-0 11. 0-0 Nb6 12. Nd4 Qc5 13. Be3 Nxc4 14. Bxc4 Qxc4 15. Nxf5 Nxd5 16. Nxd5 Rxd5 17. Rc1 Qxa2 18. Qc2 c6 19. Ra1 1-0

[Event "IECG OP.2006.0.00045"]
[Site "IECG email"]
[Date "2006.05.18"]
[Round "?"]
[White "Krupikov, Andrey Viktorovich"]
[Black "Sherwood, Russell"]
[Result "1-0"]
[WhiteElo "1517"]
[BlackElo "1806"]
[PlyCount "41"]
[EventDate "2006.05.18"]
[EventType "tourn (corr)"]
[EventRounds "6"]
[SourceTitle "Corr 2008"]
[Source "ChessBase"]
[SourceDate "2008.06.24"]
[SourceVersion "1"]
[SourceVersionDate "2008.06.24"]
[SourceQuality "1"]

1. e4 c5 2. c3 Nf6 3. e5 Nd5 4. d4 cxd4 5. Nf3 e6 6. cxd4 d6 7. Nc3 Nxc3 8. bxc3 Qc7 9. Qb3 Nd7 10. Bf4 Be7 11. Bd3 0-0 12. 0-0 dxe5 13. Nxe5 Nxe5 14. Bxe5 Bd6 15. f4 b6 16. Rf3 Bd7 17. Rh3 g6 18. Rf1 Rad8 19. Bf6 Rc8 20. Qd1 Bxf4 21. Rxh7 1-0

[Event "IECG RL.2006.0.00045"]
[Site "IECG email"]
[Date "2006.05.12"]
[Round "?"]
[White "Krupikov, Andrey Viktorovich"]
[Black "Stuart, Keith"]
[Result "1-0"]
[WhiteElo "1517"]
[BlackElo "1197"]
[PlyCount "31"]
[EventDate "2006.05.12"]
[EventType "tourn (corr)"]
[EventRounds "6"]
[SourceTitle "Corr 2008"]
[Source "ChessBase"]
[SourceDate "2008.06.24"]
[SourceVersion "1"]
[SourceVersionDate "2008.06.24"]
[SourceQuality "1"]

1. e4 b6 2. d4 Bb7 3. Bd3 d5 4. exd5 Bxd5 5. Nf3 Nf6 6. Nc3 e6 7. Nxd5 Nxd5 8. 0-0 Bd6 9. c4 Nf6 10. Ne5 c6 11. Qf3 Qc7 12. Re1 0-0 13. Qh3 Qd8 14. Bg5 h6 15. Bxh6 Re8 16. Re3 1-0

[Event "IECG RL.2006.0.00045"]
[Site "IECG email"]
[Date "2006.05.12"]
[Round "?"]
[White "Krupikov, Andrey Viktorovich"]
[Black "Van den Broeke, Sjakkie"]
[Result "1-0"]
[WhiteElo "1517"]
[BlackElo "1465"]
[PlyCount "35"]
[EventDate "2006.05.12"]
[EventType "tourn (corr)"]
[EventRounds "6"]
[SourceTitle "Corr 2008"]
[Source "ChessBase"]
[SourceDate "2008.06.24"]
[SourceVersion "1"]
[SourceVersionDate "2008.06.24"]
[SourceQuality "1"]

1. e4 e5 2. Nc3 d6 3. Nf3 Nf6 4. d4 exd4 5. Nxd4 a6 6. Bd3 Be7 7. 0-0 0-0 8. Re1 Nc6 9. Bc4 h6 10. Nxc6 bxc6 11. Bb3 Bb7 12. Re3 c5 13. Rg3 g5 14. Qe2 Nd7 15. Qh5 Nf6 16. Qg6+ Kh8 17. Qxh6+ Kg8 18. Rxg5# 1-0

[Event "IECG RL.2006.0.00044"]
[Site "IECG email"]
[Date "2006.04.29"]
[Round "?"]
[White "Krupikov, Andrey Viktorovich"]
[Black "Sarihan, Sefa"]
[Result "1-0"]
[WhiteElo "1517"]
[BlackElo "1000"]
[PlyCount "49"]
[EventDate "2006.04.29"]
[EventType "tourn (corr)"]
[EventRounds "6"]
[SourceTitle "Corr 2008"]
[Source "ChessBase"]
[SourceDate "2008.06.24"]
[SourceVersion "1"]
[SourceVersionDate "2008.06.24"]
[SourceQuality "1"]

1. e4 e6 2. d4 d5 3. e5 c5 4. c3 Qb6 5. Nf3 Nc6 6. a3 a5 7. Bd3 Bd7 8. 0-0 cxd4 9. cxd4 Nge7 10. Nc3 Ng6 11. Na4 Qc7 12. Bg5 Be7 13. Bxe7 Ncxe7 14. Rc1 Qd8 15. Nc5 Bc6 16. Ng5 h6 17. Ngxe6 fxe6 18. Nxe6 Qb6 19. Bxg6+ Nxg6 20. Qh5 Rg8 21. Qxg6+ Ke7 22. Nf4 Raf8 23. Qe6+ Kd8 24. Nxd5 Bxd5 25. Rc8# 1-0